100 Biggest Cities of the Western United States in 1950 with a Map - Statistics

General Stats
  • This quiz has been taken 236 times
  • The average score is 54 of 100
Answers on the Map
Answers color-coded by a green-red scale on the quiz's map according to % correct below.
 
Answer Stats
Population State /
Territory
Cities % Correct
1,970,358 CA Los Angeles
98%
467,591 WA Seattle
98%
106,818 AZ Phoenix
97%
334,387 CA San Diego
97%
775,357 CA San Francisco
97%
96,815 NM Albuquerque
96%
373,628 OR Portland
96%
415,786 CO Denver
95%
137,572 CA Sacramento
95%
182,121 UT Salt Lake City
95%
24,624 NV Las Vegas
94%
248,034 HI Honolulu
93%
95,280 CA San Jose
92%
34,393 ID Boise
91%
27,998 NM Santa Fe
91%
45,472 CO Colorado Springs
89%
32,497 NV Reno
89%
45,454 AZ Tucson
89%
31,935 WY Cheyenne
88%
91,669 CA Fresno
88%
384,575 CA Oakland
87%
161,721 WA Spokane
85%
34,784 CA Bakersfield
81%
31,834 MT Billings
81%
17,581 MT Helena
80%
250,767 CA Long Beach
80%
43,140 OR Salem
80%
143,673 WA Tacoma
78%
35,879 OR Eugene
77%
41,664 WA Vancouver
77%
46,764 CA Riverside
74%
63,058 CA San Bernardino
73%
44,913 CA Santa Barbara
73%
19,999 CO Boulder
72%
28,937 UT Provo
72%
70,853 CA Stockton
69%
45,533 CA Santa Ana
67%
71,595 CA Santa Monica
67%
113,805 CA Berkeley
66%
23,673 WY Casper
65%
27,198 HI Hilo
64%
57,112 UT Ogden
64%
19,218 ID Idaho Falls
63%
22,485 MT Missoula
61%
104,577 CA Pasadena
60%
63,685 CO Pueblo
59%
23,058 CA Eureka
56%
33,251 MT Butte
54%
38,486 WA Yakima
54%
34,112 WA Bellingham
53%
21,567 CA Oxnard
51%
21,970 CA Santa Cruz
50%
78,577 CA Burbank
49%
25,738 NM Roswell
49%
17,902 CA Santa Rosa
49%
24,102 WA Walla Walla
49%
39,214 MT Great Falls
48%
33,849 WA Everett
47%
17,389 CA Modesto
46%
26,131 ID Pocatello
46%
47,991 CA Compton
45%
25,475 CA Palo Alto
45%
20,354 CO Greeley
40%
46,185 CA Inglewood
40%
41,782 CA San Mateo
39%
17,600 ID Twin Falls
39%
95,702 CA Glendale
38%
29,032 CA Beverly Hills
37%
22,872 CA Ontario
37%
64,430 CA Alameda
36%
99,545 CA Richmond
36%
26,038 CA Vallejo
35%
22,241 CA Torrance
34%
19,351 CA South San Francisco
33%
17,975 NM Carlsbad
30%
35,405 CA Pomona
27%
27,678 WA Bremerton
24%
25,544 CA Redwood City
24%
19,653 WA Aberdeen
23%
21,809 WA Richland
22%
20,339 WA Longview
19%
27,542 CA San Leandro
19%
19,720 CA Culver City
18%
51,359 CA Alhambra
17%
21,199 CA National City
17%
18,429 CA Redlands
17%
25,226 CA Redondo Beach
15%
17,590 CA Albany
14%
23,820 CA Whittier
14%
18,011 CA El Cerrito
13%
29,450 CA Huntington Park
13%
19,886 CA Burlingame
11%
25,823 CA Lynwood
11%
20,343 CA San Gabriel
11%
51,116 CA South Gate
11%
23,066 CA Arcadia
10%
21,735 CA Montebello
10%
20,395 CA Monterey Park
10%
38,177 CA East Bakersfield
8%
20,186 CA Monrovia
8%
No matching quizzes found
Score Distribution
Percent of People with Each Score
Percentile by Number Answered
Your Score History
You have not taken this quiz